| 000 | 00584cab a2200229 4500 | ||
|---|---|---|---|
| 001 | X2569 | ||
| 008 | 090401t1995 xxu||||| |||| 00| 0 eng d | ||
| 035 | _a(Sirsi) u25056 | ||
| 041 | _aeng | ||
| 245 | _aThomason v Rowland (valuation officer); Dodsworth v same | ||
| 260 | _c1995 | ||
| 350 | _a0 | ||
| 490 |
_aRating Appeals _v(1995) 9 RA 255-284(16) |
||
| 650 | _aANNUAL VALUE | ||
| 650 | _aDODSWORTH V ROWLAND | ||
| 650 | _aHOLIDAY HOMES | ||
| 650 | _aLEASE RENT | ||
| 650 | _aTHOMASON V ROWLAND | ||
| 690 | _aRATING AND VALUATION | ||
| 942 | _n0 | ||
| 948 | _c04/03/1997 | ||
| 999 |
_c16805 _d16805 |
||